Diseño de una planta de tratamiento de aguas para un centro hospitalario
Guardado en:
| Autor principal: | |
|---|---|
| Otros Autores: | |
| Formato: | Libro |
| Lenguaje: | Spanish |
| Publicado: |
San José, Costa Rica
2011
|
| Materias: | |
| Etiquetas: |
Agregar Etiqueta
Sin Etiquetas, Sea el primero en etiquetar este registro!
|
MARC
| LEADER | 00000nam a22000007a 4500 | ||
|---|---|---|---|
| 003 | 010679 | ||
| 005 | 20221231143931.0 | ||
| 008 | 151106b2011 cr a|||| |||| 00| 0 spa d | ||
| 040 | |c cru CEDI | ||
| 090 | |a TFG 6507 | ||
| 100 | |9 2159 |a Arias Carballo, Priscilla | ||
| 245 | |a Diseño de una planta de tratamiento de aguas para un centro hospitalario | ||
| 260 | |a San José, Costa Rica |c 2011 | ||
| 500 | |a Proyecto de graduación (licenciatura en ingeniería química)--Universidad de Costa Rica. Facultad de Ingeniería. Escuela de Ingeniería Química | ||
| 650 | |x PLANTAS PARA TRATAMIENTO DE AGUAS RESIDUALES |x DISEÑO |x BIODEGRADACION DE AGUAS RESIDUALES |x RESIDUOS DE HOSPITALES |x INSTALACIONES DE DEPURACION |9 2161 | ||
| 700 | |9 2160 |a Calderón Moya, Marvin | ||
| 942 | |c TFG | ||
| 999 | |c 14443 |d 14443 | ||
